António Guterres nový generálny tajomník Organizácie spojených národov
Voľba nového generálneho tajomníka a hlavné úlohy nového generálneho tajomníka OSN na obdobie rokov 2017 – 2021. Doterajší generálni tajomníci OSN. Kandidáti na funkciu v poradí deviateho generálneho tajomníka OSN.
Enregistré dans:
| Auteur principal: | |
|---|---|
| Format: | Chapitre de livre |
| Langue: | slovaque |
| Sujets: | |
| Tags: |
Pas de tags, Soyez le premier à ajouter un tag!
|
MARC
| LEADER | 00000naa$a2200000$$$4500 | ||
|---|---|---|---|
| 001 | 0225805 | ||
| 005 | 20240502073713.9 | ||
| 041 | 0 | |a slo | |
| 044 | |a SK | ||
| 245 | 1 | 0 | |a António Guterres nový generálny tajomník Organizácie spojených národov |c Ľudmila Lipková |
| 520 | |a Voľba nového generálneho tajomníka a hlavné úlohy nového generálneho tajomníka OSN na obdobie rokov 2017 – 2021. Doterajší generálni tajomníci OSN. Kandidáti na funkciu v poradí deviateho generálneho tajomníka OSN. | ||
| 610 | 2 | 0 | |a Organizácia spojených národov |
| 610 | 2 | 0 | |a história |
| 610 | 2 | 0 | |a voľby |
| 610 | 2 | 0 | |a tajomníci generálni |
| 610 | 2 | 0 | |a politika medzinárodná |
| 610 | 2 | 0 | |a vzťahy medzinárodné |
| 100 | 1 | |a Lipková, Ľudmila | |